Философия о современной технике как тестировании человечества на совместимость с природой; Современные техника и технологии; Т. 3

Detalles Bibliográficos
Parent link:Современные техника и технологии: 13-я Международная научно-практическая конференция студентов, аспирантов и молодых ученых, г. Томск, 26-30 марта 2007 г./ Томский политехнический университет (ТПУ).— , 2007
Т. 3.— 2007.— С. 367-368
Autor principal: Хмель Ю. Ю.
Otros Autores: Полещук Л. Г. Лариса Генадьевна
Lenguaje:ruso
Publicado: 2007
Materias:
Formato: Capítulo de libro
KOHA link:https://koha.lib.tpu.ru/cgi-bin/koha/opac-detail.pl?biblionumber=134711

MARC

LEADER 00000naa2a2200000 4500
001 134711
005 20231031135820.0
035 |a (RuTPU)RU\TPU\book\146017 
090 |a 134711 
100 |a 20080403d2007 k y0rusy50 ca 
101 0 |a rus 
102 |a RU 
200 1 |a Философия о современной технике как тестировании человечества на совместимость с природой  |f Ю. Ю. Хмель, Л. Г. Полещук 
320 |a Библиогр.: 4 назв. 
461 1 |0 (RuTPU)RU\TPU\book\136926  |t Современные техника и технологии  |o 13-я Международная научно-практическая конференция студентов, аспирантов и молодых ученых, г. Томск, 26-30 марта 2007 г.  |o труды в 3 т.  |f Томский политехнический университет (ТПУ)  |d 2007 
463 0 |0 (RuTPU)RU\TPU\book\136414  |t Т. 3  |v С. 367-368  |d 2007  |p 400 с. 
610 1 |a техника 
610 1 |a философия 
610 1 |a человечество 
610 1 |a научно-техническая революция 
610 1 |a совместимость 
610 1 |a стыд 
610 1 |a совесть 
610 1 |a природа 
610 1 |a труды учёных ТПУ 
700 1 |a Хмель  |b Ю. Ю. 
701 1 |a Полещук  |b Л. Г.  |c философ  |c доцент Юргинского технологического института (филиала) Томского политехнического университета  |f 1959-  |g Лариса Генадьевна  |2 stltpush  |3 (RuTPU)RU\TPU\pers\24274 
801 1 |a RU  |b 63413507  |c 20080403  |g PSBO 
801 2 |a RU  |b 63413507  |c 20160211  |g PSBO 
942 |c BK